Traduccions de Goethe / [Joan Maragall, tr.]
Descripción Física:
314 p. ; 20 cm
Otros Autores:
Maragall, Joan, 1860-1911
Materias:
Poesia alemanya -- S. XX
MARC
| LEADER | 00000nam a2200000Ia 4500 | ||
|---|---|---|---|
| 001 | 16125 | ||
| 008 | 160829s1912 xx 000 0 cat d | ||
| 080 | |a L-2-44 | ||
| 100 | |a Goethe, Johann Wolfgang von |9 29032 | ||
| 245 | |a Traduccions de Goethe / [Joan Maragall, tr.] | ||
| 260 | |a Barcelona : |b Gustau Gili, |c 1912 | ||
| 300 | |a 314 p. ; |c 20 cm | ||
| 490 | |a Obres completes d'en Joan Maragall. Sèrie catalana | ||
| 590 | |a Conté: Ifigenia a Táurida; Eridón i Amina; La Marguerideta; De 'Les disperses'; Pensaments d'en Goethe; Fragments del Faust. | ||
| 650 | |a Poesia alemanya |x S. XX |9 37248 | ||
| 700 | |a Maragall, Joan, |d 1860-1911 |9 25778 | ||
| 901 | |a Arxiu | ||
| 942 | |n 1 | ||
| 952 | |0 0 |1 0 |4 0 |6 L244 |7 1 |9 47766 |a Arxiu |b Arxiu |d 2016-12-01 |l 0 |o L-2-44 |p 16125 |r 2016-12-01 00:00:00 |w 2016-12-01 |y ARXIU | ||
| 999 | |c 51565 |d 51565 | ||